| 000 | 00541nam a2200169Ia 4500 | ||
|---|---|---|---|
| 008 | 210210b2001 xxu||||| |||| 00| 0 eng d | ||
| 020 | _a0 7619 9452 1 | ||
| 082 | _a658 VARM | ||
| 100 | _aVARMA (Madhurendra K). | ||
| 245 | _aManaging more effectively a professional approach to get the best out of people. Ed 2. | ||
| 250 | _a | ||
| 260 |
_aNew Delhi. _bResponse Books, Sage Publications., _c2001 |
||
| 300 | _a331 | ||
| 650 | _aProfessionalism Motivation Delegation Interpersonal Tensions | ||
| 690 | _aManagement | ||
| 906 | _a057466 | ||
| 999 |
_c104718 _d104718 |
||